000 01308cam a2200385 4500
008 #DATE n2003 000 0 eng u
020 _a0324143877
035 _a(Sirsi) u120927
041 _aeng
050 _a333.330973
_c18
100 _aJacobus, Charles J.
245 _aReal estate principles
250 _a9th ed.
260 _aOhio
_bSouth Western CollegePublishing
_c2003
300 _axxiii, 574p.
_bill.
_c26cm.
350 _a26.99
520 _aAn American text which aims to provide an understanding of the basic principles and business fundamentals of real estate. The 27 chapters deal with issues including: rights and interests in land, forms of ownership, transferring title, contract law, real estate seles contracts, lending practices and financing sources and types.
650 _aREAL ESTATE
650 _aUNITED STATES
650 _aLAND OWNERSHIP
650 _aTITLE
650 _aCONTRACT LAW
650 _aMORTGAGES
650 _aPROPERTY FINANCE
650 _aPROPERTY TAXATION
650 _aLEASES
650 _aREAL ESTATE APPRAISAL
650 _aLICENSING LAW
650 _aPROPERTY INSURANCE
650 _aCONDOMINIUMS
650 _aTIMESHARE PROPERTY
650 _aPROPERTY INVESTMENT
690 _aPROPERTY MANAGEMENT
_96262
942 _n0
999 _c102574
_d102574